Annual report /

Bibliographic Details
New Title:Annual report (Virginia Highway & Transportation Research Council)
Previous Title:Virginia Council of Highway Investigation and Research. Annual report.
Uniform Title:Annual report (Virginia Highway Research Council)
Corporate Author: Virginia Highway Research Council
Format: Serial
Language:English
Published: Charlottesville : Virginia Highway Research Council, [19 -197]
Subjects:
Online Availability: Check for online availability

MARC

Tag First Indicator Second Indicator Subfields
LEADER 00000cas a2200000 a 4500
001 in00000085572
005 20151008061538.0
008 750410d19uu19uuvauar1 s0uuua0eng
010 |a  75641354  
012 |a 3  |b 3  |c -  |d 7  |e n  |f -  |g p  |h -  |i ---- 
022 1 |a 0095-8158 
035 |a (OCoLC)01798794 
035 |9 AAJ8294AM 
040 |a DLC  |c DLC  |d NSD  |d m.c.  |d NSD  |d TXA  |d UtOrBLW 
042 |a lc  |a nsdp 
043 |a n-us-va 
049 |a TXAE 
050 0 0 |a TE24.V8  |b V47 
082 0 |a 625.7/07/20755 
130 0 |a Annual report (Virginia Highway Research Council) 
222 0 |a Annual report - Virginia Highway Research Council 
245 1 0 |a Annual report /  |c Virginia Highway Research Council. 
264 1 |a Charlottesville :  |b Virginia Highway Research Council,  |c [19 -197] 
300 |a volumes :  |b illustrations ;  |c 28 cm. 
336 |a text  |b txt  |2 rdacontent 
337 |a unmediated  |b n  |2 rdamedia 
338 |a volume  |b nc  |2 rdacarrier 
515 |a Report year ends June 30. 
650 0 |a Roads  |z Virginia  |x Periodicals. 
650 0 |a Highway research  |z Virginia  |x Periodicals. 
710 2 |a Virginia Highway Research Council. 
780 0 0 |a Virginia Council of Highway Investigation and Research.  |t Annual report. 
785 0 0 |t Annual report (Virginia Highway & Transportation Research Council)  |x 0095-8166  |w (DLC) 75641356 
999 |a MARS 
999 f f |s d7afe067-92e7-30dd-88ee-7f9a1e89dd4f  |i 2db030cf-a097-35ff-8fe4-154235b3822d  |t 0 
952 f f |p ric  |a Texas A&M University  |b Rellis Campus  |c Joint Library Facility  |d Remote Storage  |t 0  |e TE24.V8 V47  |h Library of Congress classification  |i unmediated -- volume  |l 1972/1973  |m A14807691192 
998 f f |a TE24.V8 V47  |s 25th (1972/1973)  |t 0  |l Remote Storage